000 00604cam a2200229 4500
001 J544
008 090401t1990 xxu||||| |||| 00| 0 eng d
035 _a(Sirsi) u75474
041 _aeng
050 _a333.330971
110 _aReal Estate Institute of Canada
_91832
245 _aDirectory of members 1990.
260 _aToronto
_bReal Estate Institute of Canada
_c1990
300 _aix,164p. ; 28cm.
350 _a0
650 _aCANADA
650 _aDIRECTORIES
650 _aPROPERTY
690 _aMANAGEMENT-BUSINESS MANAGEMENT-PROFESSIONAL PRACTICE
942 _n0
948 _c04/03/1997
999 _c96023
_d96023